Los Tocornal / (Record no. 109419)

MARC details
000 -LEADER
campo de control de longitud fija 00613nam a2200193 i 4500
001 - NÚMERO DE CONTROL
campo de control 109419
003 - IDENTIFICADOR DE NÚMERO DE CONTROL
campo de control ES-MaACL
005 - FECHA Y HORA DE LA ÚLTIMA TRANSACCIÓN
campo de control 20251005063106.0
007 - CAMPO FIJO DE DESCRIPCIÓN FÍSICA--INFORMACIÓN GENERAL
campo de control de longitud fija t|
008 - DATOS DE LONGITUD FIJA--INFORMACIÓN GENERAL
campo de control de longitud fija 061121s1958 cl r ||||1| spa d
100 1# - ENTRADA PRINCIPAL--NOMBRE DE PERSONA
Nombre de persona Múgica, Juan,
Fechas asociadas al nombre n. 1905
9 (RLIN) 153898
245 14 - MENCIÓN DEL TÍTULO
Título Los Tocornal /
Mención de responsabilidad, etc. Juan Mújica.
260 ## - PUBLICACIÓN, DISTRIBUCIÓN, ETC.
Lugar de publicación, distribución, etc. Santiago de Chile :
Nombre del editor, distribuidor, etc. Universidad Católica,
Fecha de publicación, distribución, etc. 1958.
300 ## - DESCRIPCIÓN FÍSICA
Extensión 16 p. ;
Dimensiones 23 cm.
500 ## - NOTA GENERAL
Nota general Es tirada aparte del Boletín de la Academia Chilena de la Historia, nº 59.
600 14 - PUNTO DE ACCESO ADICIONAL DE MATERIA--NOMBRE DE PERSONA
Nombre de persona Tocornal (Familia)
9 (RLIN) 153900
852 ## - LOCALIZACIÓN
Ubicación ES-MaACL
Número de control de estantería 2020-F-18
Sublocalización o colección R.47116
Holdings
Estatus retirado Estado de pérdida Estado de daño No para préstamo Colección Biblioteca de origen Biblioteca actual Ubicación en estantería Fecha de adquisición Fuente de adquisición Total de préstamos Signatura topográfica completa Código de barras Visto por última vez Precio de reemplazo Tipo de ítem Koha
        Colección de folletos Biblioteca del Ateneo de Madrid Biblioteca del Ateneo de Madrid Depósito folletos 17/01/2008     2020-F-18 1114169 23/02/2023 23/02/2023 Folleto